00842cam a22002773a 45000010005000000030006000050050017000110080041000280400015000690420007000840500007000911000053000982450065001512600029002165000037002455060030002825160020003126530041003326530024003736530034003976530026004316530021004576530017004788300028004958560041005236837PGUSA20140828083137.0041101s2004||||xxu|||||s|||||000 1 eng d aPGUSAbeng adc 4aPR1 aWodehouse, P. G.q(Pelham Grenville),d1881-197514aThe Little Warriorh[electronic resource] /cP. G. Wodehouse bProject Gutenberg,c2004 aTitled in UK: Jill, The Reckless aPublic domain in the USA. aElectronic text aBroadway (New York, N.Y.) -- Fiction aMusicals -- Fiction aLong Island (N.Y.) -- Fiction aPoor women -- Fiction aHumorous stories aLove stories 0aProject Gutenbergv683740uhttp://www.gutenberg.org/ebooks/6837